Mots croisés - Éléments chimiques - Statistiques

Statistiques générales
  • Ce quiz a été pris 364 fois
  • Le résultat moyen est 26 sur 34
Statistiques - réponses
Définitions Réponses % Correct
Fe Fer
97%
Au Or
96%
Zn Zinc
95%
O Oxygène
93%
Ag Argent
92%
Cu Cuivre
92%
H Hydrogène
92%
Mg Magnésium
92%
Al Aluminium
90%
He Hélium
90%
C Carbone
88%
Cl Chlore
88%
U Uranium
86%
N Azote
84%
Pb Plomb
81%
K Potassium
79%
Na Sodium
79%
Cr Chrome
76%
B Bore
74%
I Iode
74%
Ne Néon
74%
Br Brome
72%
Ra Radium
72%
Kr Krypton
68%
P Phosphore
65%
Ni Nickel
64%
Hg Mercure
62%
Pt Platine
62%
As Arsenic
60%
W Tungstène
56%
In Indium
46%
Cd Cadmium
44%
Ac Actinium
35%
Élément chimique mystère Iridium
35%
Aucun quiz correspondant
Distribution des résultats
% des personnes avec chaque résultat
Percentile par nombre de réponses
Votre historique - résultats
Vous n’avez pas pris ce quiz